Rappeurs par lettre - P - Statistiques

Statistiques générales
  • Ce quiz a été pris 380 fois
  • Le résultat moyen est 2 sur 8
Statistiques - réponses
Albums notable Réponse % Correct
Polak, Enna PLK
98%
Dans la légende, Deux frères PNL
98%
Bende Mafia, ADN Panama Bende
15%
4eme dimension, Enfants de la lune Psy 4 de la Rime
12%
Demoniak PSO THUG
8%
Xander, RE Prime
6%
Le poids des maux, Juste moi Pit Baccardi
2%
Houston, Nindo II Pins & Dimeh
1%
Aucun quiz correspondant
Distribution des résultats
% des personnes avec chaque résultat
Percentile par nombre de réponses
Votre historique - résultats
Vous n’avez pas pris ce quiz